000 00510nam a2200169Ia 4500
008 090124s9999 xx 000 0 und d
082 _b105998
100 _aअदवंत म. ना.
245 _a नस्ते ऊपद्व्याप
250 _a1
300 _a120
600 _aअदवंत म. ना.
630 _a नस्ते ऊपद्व्याप
700 _aअदवंत म. ना.
730 _a नस्ते ऊपद्व्याप
942 _cBOOK
999 _c152089
_d152089